|
|
|
|
| LEADER |
00000nam0a2200000 4500 |
| 001 |
293079 |
| 005 |
20231102000547.0 |
| 010 |
|
|
|a 9785436502915
|
| 035 |
|
|
|a (RuTPU)RU\TPU\book\317918
|
| 090 |
|
|
|a 293079
|
| 100 |
|
|
|a 20150428d2016 m y0rusy50 ca
|
| 101 |
0 |
|
|a rus
|
| 102 |
|
|
|a RU
|
| 105 |
|
|
|a a j 001zy
|
| 200 |
1 |
|
|a Электричество и магнетизм
|e учебное пособие
|f А. М. Лихтер
|
| 210 |
|
|
|a Москва
|c КноРус
|d 2016
|
| 215 |
|
|
|a 237 с.
|c ил.
|
| 320 |
|
|
|a Библиогр.: с. 237.
|
| 330 |
|
|
|a Содержит краткие сведения об основных понятиях и законах, относящихся к физике электрических и магнитных явлений. Главное отличие данного учебного пособия от других состоит в той роли, которая отводится экспериментальным данным для понимания указанных явлений. В связи с этим значительное место а пособии занимает описание лекционных демонстрационных опытов. Пособие снабжено значительным количеством тестов, позволяющих преподавателю оперативно контролировать усвоение лекционного материала.Предназначено для студентов, обучающихся по направлению «Физика», а также ряда инженерных направлений,
|
| 606 |
1 |
|
|a Электричество и магнетизм
|2 stltpush
|3 (RuTPU)RU\TPU\subj\71197
|9 85222
|
| 610 |
1 |
|
|a физика
|
| 610 |
1 |
|
|a электрическое поле
|
| 610 |
1 |
|
|a вакуум
|
| 610 |
1 |
|
|a проводники
|
| 610 |
1 |
|
|a диэлектрики
|
| 610 |
1 |
|
|a электрический ток
|
| 610 |
1 |
|
|a среды
|
| 610 |
1 |
|
|a магнитное поле
|
| 610 |
1 |
|
|a вещества
|
| 610 |
1 |
|
|a электромагнитные явления
|
| 610 |
1 |
|
|a тесты
|
| 610 |
1 |
|
|a учебные пособия
|
| 675 |
|
|
|a 537(075.8)
|v 4
|
| 700 |
|
1 |
|a Лихтер
|b А. М.
|g Анатолий Михайлович
|
| 801 |
|
1 |
|a RU
|b 63413507
|c 20150428
|
| 801 |
|
2 |
|a RU
|b 63413507
|c 20150826
|g RCR
|
| 900 |
|
|
|a Электричество и магнетизм
|
| 942 |
|
|
|c BK
|
| 951 |
|
|
|l 8
|
| 959 |
|
|
|a 60/20150427
|d 3
|e 381,00
|f ЧЗТЛ:1
|f УФ:2
|